Loading...
| Science - Chemistry | 0 | 4 | 2 | 1 | 30 | 130 | 136.75 | 0 | 2 | 1.71 | 22.00 |
| Religion | 1 | 1 | 0 | 0 | 25 | 83 | 91.50 | 0 | 2 | 9.22 | 18.33 |
| Literature - Long Fiction | 0 | 3 | 2 | 2 | 20 | 112 | 140.00 | 0 | 0 | 2.00 | 8.89 |
| Literature - Short Fiction | 0 | 2 | 0 | 0 | 20 | 113 | 118.50 | 0 | 0 | 25.27 | 25.00 |
| Literature - Poetry | 0 | 2 | 2 | 0 | 10 | 123 | 124.50 | 0 | 1 | 3.37 | 5.33 |
| Science - Math | 0 | 1 | 0 | 1 | 10 | 148 | 148.00 | 0 | 1 | 1.33 | 20.00 |
| Short Fiction and Other | 0 | 1 | 0 | 0 | 10 | 116 | 116.00 | 0 | 1 | 3.38 | 11.90 |
| History - Other | 0 | 1 | 0 | 1 | 10 | 152 | 152.00 | 0 | 1 | 0.11 | 8.33 |
| History - European | 0 | 1 | 0 | 0 | 10 | 80 | 80.00 | 0 | 1 | 4.29 | 8.33 |
| Social Science | 0 | 1 | 1 | 1 | 5 | 140 | 140.00 | 0 | 1 | 0.05 | 2.22 |
| Science - Biology | 0 | 1 | 2 | 1 | 0 | 130 | 130.00 | 0 | 0 | 0.15 | 3.33 |
| Science - Physics | 0 | 1 | 2 | 1 | 0 | 128 | 128.00 | 0 | 0 | 0.15 | 1.67 |
| Philosophy | 0 | 0 | 1 | 0 | -5 | 0.00 | 0 | 0 | 0.00 | 0.00 | |
| Fine Arts - Painting and Sculpture | 0 | 0 | 1 | 0 | -5 | 0.00 | 0 | 0 | 0.00 | 0.00 | |
| Literature - Drama | 0 | 0 | 1 | 0 | -5 | 0.00 | 0 | 0 | 0.00 | 0.00 | |
| Other Academic | 0 | 0 | 1 | 0 | -5 | 0.00 | 0 | 0 | 0.00 | 0.00 | |
| Fine Arts - Classical Music | 0 | 0 | 1 | 0 | -5 | 0.00 | 0 | 0 | 0.00 | 0.00 | |
| Science - Other | 0 | 0 | 3 | 0 | -15 | 0.00 | 0 | 0 | 0.00 | 0.00 |